Closest stations to the O2 Dome - Statistics

General Stats
  • This quiz has been taken 17 times
  • The average score is 17 of 39
Answer Stats
Borough Station Distance in km % Correct
Greenwich Greenwich 3.02
85%
Newham Canning Town 1.33
77%
Tower Hamlets Canary Wharf 1.57
69%
Tower Hamlets Island Gardens 1.91
62%
Newham West Ham 2.78
62%
Greenwich Charlton 2.66
54%
Newham Custom House 1.7
54%
Greenwich Cutty Sark 2.53
54%
Newham London City Airport 3.1
54%
Tower Hamlets Mudchute 1.78
54%
Greenwich North Greenwich 0.29
54%
Tower Hamlets Blackwall 0.91
46%
Lewisham Deptford 3.36
46%
Tower Hamlets East India 0.8
46%
Greenwich Maze Hill 2.25
46%
Newham Plaistow 3.32
46%
Tower Hamlets Poplar 1.48
46%
Newham Royal Victoria 1.21
46%
Tower Hamlets West India Quay 1.69
46%
Tower Hamlets All Saints 1.43
38%
Tower Hamlets Bow Road 3.29
38%
Tower Hamlets Crossharbour 1.46
38%
Tower Hamlets Devons Road 2.61
38%
Tower Hamlets Heron Quays 1.71
38%
Newham Royal Albert 3.03
38%
Newham Royal Docks 1.17
38%
Tower Hamlets South Quay 1.38
38%
Newham Abbey Road 3.29
31%
Tower Hamlets Bow Church 3.23
31%
Tower Hamlets Bromley-by-Bow 2.65
31%
Greenwich Greenwich Peninsula 0.5
31%
Tower Hamlets Langdon Park 1.81
31%
Tower Hamlets Limehouse 3.15
31%
Newham Pontoon Dock 2.04
31%
Newham Prince Regent 2.23
31%
Newham Star Lane 1.95
31%
Greenwich Westcombe Park 2.34
31%
Tower Hamlets Westferry 2.2
31%
Newham West Silvertown 1.34
31%
No matching quizzes found
Score Distribution
Percent of People with Each Score
Percentile by Number Answered
Your Score History
You have not taken this quiz